| 000 | 00475 a2200169 4500 | ||
|---|---|---|---|
| 999 |
_c1894 _d1894 |
||
| 020 | _a0826448380 | ||
| 050 | _aLB 1025 BOT 2000 | ||
| 100 |
_aBottery, Mike. _eauthor |
||
| 245 |
_aEducation, policy and ethics / _cMike Bottery |
||
| 264 |
_aNew York : _bContinum, _c2000. |
||
| 300 | _a210p. | ||
| 500 | _aIncludes bibliographical references and index | ||
| 650 | _aEducation | ||
| 650 | _aPolicy and ethics | ||
| 650 | _aSchool management | ||
| 942 |
_2lcc _cBK _h1025 _iBOT _kLB |
||